| 000 | 00706cam a22002291i 4500 | ||
|---|---|---|---|
| 001 | 7886694 | ||
| 005 | 20180126080439.0 | ||
| 008 | 741210s1940 nyuf 000 0ceng | ||
| 010 | _a 48037291 | ||
| 035 | _a(OCoLC)1105217 | ||
| 040 |
_aDLC _cVtMiM _dOCoLC _dNcRS _dOCoLC _dOMC _dO _dPPi _dDLC |
||
| 041 | _aeng | ||
| 042 | _apremarc | ||
| 043 | _an-us--- | ||
| 080 | _a759.13 BOS | ||
| 082 | _a759.13 BOS | ||
| 100 | 1 | _a44 | |
| 101 | _aART | ||
| 245 | 1 | 0 |
_aModern American painting / _cby Peyton Boswell, Jr. ; with 89 illustrations in full color selected from the series on contemporary American artists published in Life. |
| 906 |
_a7 _bcbc _coclcrpl _du _encip _f19 _gy-gencatlg |
||
| 942 |
_2ddc _cBK |
||
| 999 |
_c41010 _d41010 |
||